Loading...

സ്വപ്നവിഹായസ്സില്‍ : ഡോ. എ.പി.ജെ. അബ്ദുള്‍കലാമിന്റെ ജീവചരിത്രം /

Bibliographic Details
Main Author: കുറുപ്പ്, കെ. കെ. എന്‍
Format: Printed Book
Language:English
Published: കോഴിക്കോട് : ലിപി പബ്നിക്കേഷന്‍സ്, 2014.
Edition:1st ed.
Subjects:
LEADER 01855nam a22002777a 4500
008 151226b xxu||||| |||| 00| 0 eng d
020 |a 9788188017416 
082 |a 925 ABD/KUR 
100 |a കുറുപ്പ്, കെ. കെ. എന്‍. 
240 |a Swapnavihayassil 
245 |a സ്വപ്നവിഹായസ്സില്‍ : ഡോ. എ.പി.ജെ. അബ്ദുള്‍കലാമിന്റെ ജീവചരിത്രം /  |c കെ. കെ. എന്‍. കുറുപ്പ് 
250 |a 1st ed. 
260 |a കോഴിക്കോട് :  |b ലിപി പബ്നിക്കേഷന്‍സ്,  |c 2014. 
300 |a 63p. 
600 |a Abdulkalam, A. P. J. 
650 |a Biography 
650 |a Scientist 
650 |a ജീവചരിത്രം 
942 |2 ddc  |c BK 
999 |c 13423  |d 13423 
952 |0 0  |1 0  |2 ddc  |4 0  |6 925_000000000000000_ABD_KUR  |7 0  |9 19144  |a MAIN  |b MAIN  |d 2015-12-26  |e National Book Stall  |g 55.00  |l 1  |o 925 ABD/KUR  |p 19351  |r 2019-02-22  |s 2019-02-20  |t 1  |w 2015-12-26  |y BK 
952 |0 0  |1 0  |2 ddc  |4 0  |6 925_000000000000000_ABD_KUR  |7 0  |9 21381  |a MAIN  |b MAIN  |d 2016-06-06  |e Lipi Books  |g 75.00  |o 925 ABD/KUR  |p 21454  |r 2016-06-06  |t 2  |w 2016-06-06  |y BK 
952 |0 0  |1 0  |2 ddc  |4 0  |6 925_000000000000000_ABD_KUR  |7 0  |9 21382  |a MAIN  |b MAIN  |d 2016-06-06  |e Lipi Books  |g 75.00  |l 1  |o 925 ABD/KUR  |p 21455  |r 2016-06-20  |s 2016-06-14  |t 3  |w 2016-06-06  |y BK 
952 |0 0  |1 0  |2 ddc  |4 0  |6 925_000000000000000_ABD_KUR  |7 0  |9 24447  |a MAIN  |b MAIN  |d 2017-04-12  |e Gift  |g 60.00  |o 925 ABD/KUR  |p 23991  |r 2017-04-12  |t 4  |w 2017-04-12  |y BK 
952 |0 0  |1 0  |2 ddc  |4 0  |6 925_000000000000000_ABD_KUR  |7 0  |9 24448  |a MAIN  |b MAIN  |d 2017-04-12  |e Gift  |g 60.00  |l 1  |o 925 ABD/KUR  |p 23992  |r 2017-06-01  |s 2017-04-20  |t 5  |w 2017-04-12  |y BK 
952 |0 0  |1 0  |2 ddc  |4 0  |6 925_000000000000000_ABD_KUR  |7 0  |9 25822  |a MAIN  |b MAIN  |d 2017-05-26  |e Lipi Publications  |g 60.00  |o 925 ABD/KUR  |p 24807  |r 2017-05-26  |t 6  |w 2017-05-26  |y BK